书目信息 |
| 题名: |
Java 2 核心技术 卷1:基础知识
|
|
| 作者: | 霍斯曼 著 | |
| 分册: | ||
| 出版信息: | 北京 机械工业出版社 2000.01 |
|
| 页数: | 522页 | |
| 开本: | 16开 | |
| 丛书名: | ||
| 单 册: | ||
| 中图分类: | TP312 | |
| 科图分类: | ||
| 主题词: | 软件 | |
| 电子资源: | ||
| ISBN: | 7-111-07719-9 | |
| 000 | 00618nam0 2200193 45 | |
| 001 | 0011251600 | |
| 005 | 20001125161335.3 | |
| 010 | @a7-111-07719-9@d68.00元 | |
| 100 | @a20001125d2000 km y0chiy0120 ea | |
| 101 | 0 | @achi |
| 105 | @a z 000yy | |
| 200 | 1 | @aJava 2 核心技术 卷1:基础知识@AJava 2 He Xin Ji Shu Juan 1:Ji Chu Zhi Shi@f(美)霍斯曼等著;京京工作室译@F(Mei)Huo Si Man Deng Zhu;Jing Jing Gong Zuo Shi Yi |
| 210 | @a北京@c机械工业出版社@d2000.01 | |
| 215 | @a522页@d16开 | |
| 606 | 0 | @a软件 |
| 690 | @aTP312@v3 | |
| 701 | 0 | @a霍斯曼@4著 |
| 801 | @aCN@bPftUser@c20001125 | |
| 905 | @b504198-200@dTP312@eH512@f3 | |
| Java 2 核心技术 卷1:基础知识/(美)霍斯曼等著;京京工作室译.-北京:机械工业出版社,2000.01 |
| 522页;16开 |
| ISBN 7-111-07719-9:68.00元 |
| ● |
| 相关链接 |
|
|
|
正题名:Java 2核心技术卷1:基础知识
索取号:TP312/H512
 
预约/预借
| 序号 | 登录号 | 条形码 | 馆藏地/架位号 | 状态 | 备注 |
| 1 | 504198 | 205041989 | 期刊室512/301自科库 44排7列4层/ [索取号:TP312/H512] | 在馆 | |
| 2 | 504199 | 205041998 | 期刊室512/301自科库 44排7列4层/ [索取号:TP312/H512] | 在馆 | |
| 3 | 504200 | 205042005 | 自科库301/ [索取号:TP312/H512] | 在馆 |